| 000 | 005320000a22001810004500 | ||
|---|---|---|---|
| 003 | MACL | ||
| 005 | 20160315142432.0 | ||
| 008 | 160315b xxu||||| |||| 00| 0 eng d | ||
| 040 |
_aMACL _cMACL |
||
| 041 | _aHindi | ||
| 082 | _a920 | ||
| 100 |
_aपरिपूर्णानन्द वर्मा _946042 |
||
| 245 | _aभारत की विभूतियॉ | ||
| 260 |
_bरामप्रसाद एण्ड संस _aआगरा |
||
| 350 | _a1 | ||
| 650 |
_aBiography _946149 |
||
| 942 |
_cHIN _k920 _2ddc |
||
| 999 |
_c25364 _d25364 |
||